[Event "EU-ch U14 Girls 26th"]
[Site "Prague"]
[Date "2016.08.24"]
[Round "6"]
[White "Mura, Marta"]
[Black "Norlamo, Sarabella"]
[Result "0-1"]
[WhiteElo "1483"]
[BlackElo "1534"]
[PlyCount "92"]
[EventDate "2016.08.18"]
[EventType "swiss"]
[EventRounds "9"]
[EventCountry "CZE"]
[SourceTitle "CBM 174 Extra"]
[Source "ChessBase"]
[SourceDate "2016.10.10"]
[SourceVersion "1"]
[SourceVersionDate "2016.10.10"]
[SourceQuality "1"]

1. d4 Nf6 2. Nd2 d5 3. Ngf3 e6 4. Ne5 Bd6 5. f4 Nh5 6. e3 Qh4+ 7. Ke2 Ng3+ 8. hxg3 Qxh1 9. Ng4 Qh5 10. Kf2 Qg6 11. Bd3 f5 12. c4 Qxg4 13. Qxg4 fxg4 14. e4 dxe4 15. Nxe4 Nc6 16. a3 Nxd4 17. Be3 Nf5 18. c5 Be7 19. Bd2 Bd7 20. b4 a6 21. Bc3 Kf7 22. Rd1 Bb5 23. Bxb5 axb5 24. Rd7 Rac8 25. Be5 Rhd8 26. Rxc7 Rxc7 27. Bxc7 Rd3 28. Be5 Rxa3 29. Nc3 Bf6 30. Nxb5 Ra2+ 31. Kg1 Bxe5 32. fxe5 Rb2 33. Nd6+ Nxd6 34. exd6 Rxb4 35. Kf2 Rc4 36. Ke3 Rxc5 37. Kf4 b5 38. Kxg4 b4 39. Kf4 b3 40. Ke4 b2 41. Kd4 Rd5+ 42. Kc3 b1Q 43. d7 Qc1+ 44. Kb4 Rxd7 45. g4 Rb7+ 46. Ka5 Qa3# 0-1

[Event "EU-ch U14 Girls 26th"]
[Site "Prague"]
[Date "2016.08.18"]
[Round "1"]
[White "Moenster, Madita"]
[Black "Mura, Marta"]
[Result "1-0"]
[WhiteElo "1808"]
[BlackElo "1483"]
[PlyCount "103"]
[EventDate "2016.08.18"]
[EventType "swiss"]
[EventRounds "9"]
[EventCountry "CZE"]
[SourceTitle "CBM 174 Extra"]
[Source "ChessBase"]
[SourceDate "2016.10.10"]
[SourceVersion "1"]
[SourceVersionDate "2016.10.10"]
[SourceQuality "1"]

1. e4 e6 2. d4 d5 3. Nc3 dxe4 4. Nxe4 Bd7 5. Nf3 Bc6 6. Bd3 Nd7 7. c3 Be7 8. 0-0 Bxe4 9. Bxe4 c6 10. Re1 Ngf6 11. Bc2 0-0 12. Bf4 Re8 13. Qe2 Qb6 14. Bb3 c5 15. Rad1 cxd4 16. Rxd4 Bc5 17. Rdd1 Rad8 18. Ba4 Rf8 19. Ne5 Nxe5 20. Bxe5 Nd5 21. a3 Qa5 22. Bc2 Qb6 23. c4 Ne7 24. b4 Bd4 25. c5 Bxc5 26. bxc5 Qxc5 27. a4 Rxd1 28. Rxd1 Nc6 29. Bd6 Qc3 30. Bxf8 Kxf8 31. Qd3 Qxd3 32. Rxd3 Nb4 33. Rc3 Nc6 34. Be4 Ke7 35. Bxc6 bxc6 36. Rxc6 Kd7 37. Rc3 Kd6 38. a5 Kd7 39. a6 Kd6 40. Kf1 Kd7 41. Ke2 Kd8 42. Kd3 Kd7 43. Kd4 Kd6 44. Rc5 f6 45. Kc4 e5 46. Kb5 h6 47. Rc8 Kd7 48. Ra8 Kd6 49. Rxa7 g5 50. Rb7 f5 51. a7 e4 52. a8Q 1-0